Normal view
MARC view
- PIERSON,J.FRANCIS
Entry Personal Name
001 - CONTROL NUMBER
- control field: 133221
003 - CONTROL NUMBER IDENTIFIER
- control field: NUST
005 - DATE AND TIME OF LATEST TRANSACTION
- control field: 20260216110704.0
008 - FIXED-LENGTH DATA ELEMENTS
- fixed length control field: 260216|| aca||aabn | a|a d
040 ## - CATALOGING SOURCE
- Original cataloging agency: NUST
- Transcribing agency: NUST
100 ## - HEADING--PERSONAL NAME
- Personal name: PIERSON,J.FRANCIS
670 ## - SOURCE DATA FOUND
- Source citation: Work cat.: (NUST): PIERSON,J.FRANCIS., SUMMIT OF DESTINY TAMING THE PIKES PEAK COUNTRY 1858-1918 /, 2008.
